=LDR 00000nam 2200000 4500 =001 INLIS000000000029736 =005 20130612131937 =008 ***********************************Ind** =035 ##$$0010-061300000029736 =041 ##$$a Ind =082 ##$$a 613.2 =090 ##$$a 613.2, Rob d =100 ##$$a Roberts, Seth =245 ##$$a Diet tanpa diet, diet sehat shangri-la tanpa lapar tanpa pantangan tanpa olahraga, Seth Robert ; penerjemah Elka Ferani =260 ##$$a 2007 $b Jakarta =300 ##$$a 281 hlm, 21 cm =650 ##$$a Diet Etik (Susunan makanana) =700 ##$$a Ferani, Elka =850 ##$$a NBPNMAT =990 ##$$a 0001/BPAP-NTB/20142014 =990 ##$$a 0001/BPAP-NTB/2015 =990 ##$$a 0001/BPAP-NTB/2016 =990 ##$$a 69006900 =990 ##$$a 01201436213 =990 ##$$a 0001/BPAP-NTB/20142014 =990 ##$$a 0001/BPAP-NTB/2015 =990 ##$$a 0001/BPAP-NTB/2016